[Event "2nd ch-EUR Women"]
[Site "Warsaw POL"]
[Date "2001.04.29"]
[Round "7"]
[White "Polovnikova,E"]
[Black "Bojkovic,N"]
[Result "0-1"]
[WhiteElo "2377"]
[BlackElo "2447"]

1.e4 c5 2.Nf3 d6 3.Bb5+ Nc6 4.O-O Bd7 5.Re1 Nf6 6.c3 a6 7.Bf1 Bg4 8.h3 Bh5
9.d4 Bxf3 10.gxf3 cxd4 11.cxd4 e5 12.d5 Nb8 13.Qb3 Nbd7 14.Qxb7 Be7 15.Be3 O-O
16.Rc1 Nc5 17.Qb4 Nh5 18.Qc3 Bg5 19.Qd2 Bf4 20.Nc3 Qg5+ 21.Bg2 f5 22.b4 fxe4
23.fxe4 Rf6 24.Kh1 Ng3+ 25.Kg1 Rg6 26.bxc5 Nxe4  0-1

[Event "TCh-FRA"]
[Site "Montpellier FRA"]
[Date "2001.04.30"]
[Round "10"]
[White "Adams,Mi"]
[Black "Van Wely,L"]
[Result "1/2-1/2"]
[WhiteElo "2750"]
[BlackElo "2670"]

1.e4 c5 2.Nf3 d6 3.Bb5+ Bd7 4.Bxd7+ Qxd7 5.O-O Nf6 6.e5 dxe5 7.Nxe5 Qc8 8.Qf3 g6
9.Re1 Bg7 10.Nc4 O-O 11.Na5 Nbd7 12.Nc3 Rb8 13.a4 a6 14.d3 Re8 15.Bf4 e5
16.Bg3 b5 17.axb5 axb5 18.Qc6 Nh5 19.Nd5 Bf8 20.c4 bxc4 21.Qxc8 Rexc8 22.Nxc4 Nxg3
23.hxg3 Rb7 24.Ra6 Kg7 25.Rea1 Nb8 26.Rb6 Rd7 27.Nde3 Nc6 28.Rxc6 Rxc6 29.Nxe5 Rcc7
30.Nxd7 Rxd7 31.Rd1 Be7 32.Kf1 Bf6 33.Nc4 h5 34.Rd2 g5 35.Ke2 g4 36.Rc2 Bd4
37.Nd2 Re7+ 38.Kf1 Rb7 39.Ne4 Rb5 40.Nd6 Rxb2 41.Nf5+ Kf6 42.Nxd4 Rb1+ 43.Ke2 Ke5  1/2-1/2

[Event "Bank Pocztowy Open A"]
[Site "Bydgoszcz POL"]
[Date "2001.05.01"]
[Round "5"]
[White "Rozentalis,E"]
[Black "Gritsak,O"]
[Result "1/2-1/2"]
[WhiteElo "2597"]
[BlackElo "2497"]

1.e4 c5 2.Nf3 d6 3.Bb5+ Bd7 4.Bxd7+ Qxd7 5.O-O Nf6 6.c3 Nc6 7.d4 Nxe4 8.d5 Nd8
9.Re1 Nf6 10.Bg5 Ng8 11.Nbd2 g6 12.Nc4 Bg7 13.Bf4 Kf8 14.a4 h6 15.Qb3 g5
16.Bg3 f5 17.Qc2 Bf6 18.h3 f4 19.Bh2 Kg7 20.Re2 Rh7 21.Rae1 Kh8 22.Nfd2 Rg7
23.f3 b6 24.Kh1 Rb8 25.Ne4 Qf5 26.Qd3 Qd7 27.b3  1/2-1/2

[Event "Karpov It"]
[Site "Poikovsky RUS"]
[Date "2001.05.04"]
[Round "4"]
[White "Rublevsky,S"]
[Black "Georgiev,Ki"]
[Result "1/2-1/2"]
[WhiteElo "2657"]
[BlackElo "2676"]

1.e4 c5 2.Nf3 d6 3.Bb5+ Bd7 4.Bxd7+ Qxd7 5.c4 Nf6 6.Nc3 Nc6 7.O-O g6 8.d4 cxd4
9.Nxd4 Bg7 10.Nde2 O-O 11.f3 Qd8 12.Kh1 Rc8 13.Bg5 a6 14.a4 Re8 15.Rb1 Qa5
16.Bh4 Ne5 17.b3 Ned7 18.Qd2 Qh5 19.Bg5 h6 20.Be3 Kh7  1/2-1/2

[Event "4NCL"]
[Site "Birmingham ENG"]
[Date "2001.05.05"]
[Round "9"]
[White "Shaw,J"]
[Black "Hunt,H"]
[Result "1/2-1/2"]
[WhiteElo "2461"]
[BlackElo "2426"]

1.e4 c5 2.Nf3 d6 3.Bb5+ Nd7 4.d4 Nf6 5.Nc3 a6 6.Bxd7+ Nxd7 7.O-O e6 8.Bg5 f6
9.Bh4 Qc7 10.Re1 Be7 11.e5 cxd4 12.exd6 Qxd6 13.Nxd4 Ne5 14.Qh5+ g6 15.Qd1 O-O
16.f4 Nc4 17.Nxe6 Bxe6 18.Qxd6 Bxd6 19.Rxe6 Bc5+ 20.Kh1 Bd4 21.Nd1 g5 22.Bf2 Rad8
23.Re4 Rfe8 24.Rxe8+ Rxe8 25.h3 Bxf2 26.Nxf2 Re2 27.Ng4 gxf4 28.Nxf6+ Kf7
29.Nd5 Rxc2 30.b3 Ne3 31.Nxf4 Rf2 32.Re1 Nf5 33.Nd3 Rxa2 34.Rf1 Kg6 35.Ne5+ Kg5
36.Nf7+ Kg6 37.Ne5+ Kg5 38.Nf7+ Kg6  1/2-1/2

[Event "Karpov It"]
[Site "Poikovsky RUS"]
[Date "2001.05.05"]
[Round "5"]
[White "Leitao,R"]
[Black "Morovic Fernandez,I"]
[Result "1/2-1/2"]
[WhiteElo "2587"]
[BlackElo "2565"]

1.e4 c5 2.Nf3 d6 3.Bb5+ Nc6 4.O-O Bd7 5.Re1 Nf6 6.c3 a6 7.Bxc6 Bxc6 8.d4 Bxe4
9.Bg5 d5 10.Nbd2 Bxf3 11.Qxf3 cxd4 12.Bxf6 gxf6 13.c4 dxc4 14.Nxc4 e6 15.Qxb7 Rb8
16.Qxa6 Qd5 17.Qa4+ Qb5 18.Qxb5+ Rxb5 19.Rad1 Rd5 20.Kf1 Rg8 21.Re4 Bc5 22.b4 Bxb4
23.Rexd4 Rxd4 24.Rxd4 Ke7 25.Ne5 Bd6 26.Nxf7 Bxh2 27.Rh4 Kxf7 28.Rxh7+ Kg6
29.Rxh2 Ra8  1/2-1/2

[Event "4NCL"]
[Site "Birmingham ENG"]
[Date "2001.05.06"]
[Round "10"]
[White "Shaw,J"]
[Black "Gormally,D"]
[Result "1-0"]
[WhiteElo "2461"]
[BlackElo "2492"]

1.e4 c5 2.Nf3 d6 3.Bb5+ Bd7 4.Bxd7+ Qxd7 5.O-O Nc6 6.b3 Nf6 7.Re1 g6 8.c3 Bg7
9.d4 cxd4 10.cxd4 d5 11.e5 Ne4 12.Bb2 O-O 13.Nbd2 Nxd2 14.Qxd2 Rfc8 15.Rac1 Nd8
16.Ba3 Ne6 17.h4 h5 18.Kh2 Bf8 19.Kg1 Qb5 20.Ng5 Qd7 21.Nxe6 Qxe6 22.Qg5 Kh7
23.f4 Bh6 24.Qxe7 Bxf4 25.Rxc8 Rxc8 26.Qxe6 fxe6 27.Rf1 Be3+ 28.Kh2 Bxd4
29.Bd6 Kg7 30.Rf6 Re8 31.Kg3 Bb6 32.Rf1 Rc8 33.Rf6 Rc3+ 34.Kh2 Bd8 35.Rf4 Rc6
36.Bf8+ Kg8 37.Bd6 Kg7 38.Bf8+ Kh8 39.Bd6 Bc7 40.Bxc7 Rxc7 41.Rf6 d4 42.Rxe6 Kg7
43.Rd6 Re7 44.Rxd4 Rxe5 45.Rd7+ Kf6 46.Rxb7 a5 47.Rb6+ Kf5 48.a4 Re3 49.Rb5+ Kf4
50.Rxa5 Rxb3 51.Rg5 Rb6 52.a5 Rc6 53.Rb5 Ra6 54.Kh3 Ra7 55.Rb4+ Kf5 56.Ra4 Ra6
57.Kg3 g5 58.hxg5 Kxg5 59.Kf3 h4 60.Ke3 Kh5 61.Kf4 Rg6 62.Ra2 Rg4+ 63.Kf3 Rg3+
64.Kf2 Rg7 65.a6 Ra7 66.Kf3 Rf7+ 67.Ke4  1-0

[Event "FSIMB May"]
[Site "Budapest HUN"]
[Date "2001.05.06"]
[Round "2"]
[White "Van den Brande,W"]
[Black "Wang Shuai"]
[Result "0-1"]
[WhiteElo "2241"]
[BlackElo "2156"]

1.e4 c5 2.Nf3 d6 3.Bb5+ Nd7 4.d4 Nf6 5.Nc3 cxd4 6.Qxd4 a6 7.Bxd7+ Nxd7 8.O-O b5
9.a4 Rb8 10.axb5 axb5 11.Ra7 e6 12.Re1 f6 13.Qb4 d5 14.Qb3 Bc5 15.Ra1 Qb6
16.Nd1 d4 17.c3 dxc3 18.bxc3 O-O 19.Ba3 Kh8 20.Rb1 Ba6 21.Bb4 Rfc8 22.Rb2 Rc7
23.Rd2 Bb7 24.Nb2 Bf8 25.Nd4 Bxb4 26.cxb4 Nf8 27.Qd1 Rd7 28.Nb3 Rbd8 29.Rxd7 Nxd7
30.Qe2 f5 31.exf5 exf5 32.Nc5 Nf6 33.f3 h6 34.Kh1 Nd5 35.Rd1 Bc6 36.Qd2 Re8
37.Qd4 Re2 38.Nbd3 Qb8 39.Rb1 Qe8 40.Kg1 Qg6 41.Nf2 Ne3 42.g3 Bxf3 43.Rc1 Qc6
44.Qc3 Bh1  0-1

[Event "4NCL"]
[Site "Birmingham ENG"]
[Date "2001.05.07"]
[Round "11"]
[White "Bellin,R"]
[Black "Pert,R"]
[Result "1/2-1/2"]
[WhiteElo "2361"]
[BlackElo "2263"]

1.e4 c5 2.Nf3 d6 3.Bb5+ Nd7 4.d4 Nf6 5.e5 Qa5+ 6.Nc3 Ne4 7.Bd2 Nxc3 8.Bxd7+ Bxd7
9.Bxc3 Qa6 10.d5 Bg4 11.h3 Bh5 12.Qe2 Qxe2+ 13.Kxe2 dxe5 14.Bxe5 O-O-O 15.c4 f6
16.Bh2 Bf7 17.Rhd1 e6  1/2-1/2

[Event "ch-CZE"]
[Site "Kunzak CZE"]
[Date "2001.05.09"]
[Round "2"]
[White "Dobrovolsky,L"]
[Black "Vokac,M"]
[Result "1/2-1/2"]
[WhiteElo "2392"]
[BlackElo "2480"]

1.e4 c5 2.Nf3 d6 3.Bb5+ Bd7 4.Bxd7+ Qxd7 5.O-O Nc6 6.c3 Nf6 7.d4 cxd4 8.cxd4 d5
9.e5 Ne4 10.Ne1 h6 11.Be3 e6 12.f3 Ng5 13.Nc3 Be7 14.Qd3 Nh7 15.f4 O-O 16.Nf3 f6
17.exf6 Rxf6 18.Ne5 Qe8 19.f5 Bd6 20.Ng4 Rf8 21.Bxh6 Qh5 22.Qe3 Rae8 23.Bf4 Bxf4
24.Rxf4 exf5 25.Ne5 Nf6 26.h3 Qh6 27.Rd1 Nd7 28.Qf3 Ndxe5 29.dxe5 d4 30.Nb5 Rxe5
31.Nxd4 Nxd4 32.Rdxd4 Qb6 33.Qb3+ Qxb3 34.axb3 Rf7 35.Kf2 g5 36.Rf3 Kg7 37.Rd6 Rfe7
38.Rd2 Kf6 39.Rfd3 f4 40.Rd6+ R7e6 41.Rxe6+ Rxe6 42.Rd7 Rb6 43.Rd3 Kf5 44.Kf3 Rb5
45.Rc3 a5 46.Rd3 b6 47.g3 fxg3 48.Kxg3 Rb4 49.Kf3 Kg6 50.Kg3 Kh5 51.Kg2 b5
52.Kg3 Re4 53.Kf3 Rf4+ 54.Kg3 Rb4 55.Rf3 Rd4 56.Rf5 Rd3+ 57.Rf3 Rd5 58.Rf8 Kg6
59.Ra8 Rd3+ 60.Kg4 Rd4+ 61.Kg3 Rb4 62.Rxa5 Rxb3+ 63.Kg4 Rb4+ 64.Kg3 Kf5 65.Ra3 Rxb2
66.Rf3+ Ke4 67.Rf8 Rc2 68.Re8+ Kd4 69.Rd8+ Kc4 70.Rg8 b4 71.Rxg5 b3 72.Rg8 Rc3+
73.Kg4 b2 74.Rc8+ Kd3 75.Rb8 Kc2 76.Rxb2+ Kxb2 77.h4 Rc1 78.h5 Kc3 79.h6 Rh1
80.Kg5 Kd4 81.Kg6 Ke5 82.h7 Ke6 83.Kg7 Rg1+ 84.Kf8 Rf1+ 85.Kg8 Rg1+ 86.Kf8 Rh1
87.Kg7 Rxh7+ 88.Kxh7  1/2-1/2

[Event "XXXVI Capablanca Mem Mixto"]
[Site "Havana CUB"]
[Date "2001.05.11"]
[Round "6"]
[White "Arribas,M"]
[Black "Pina,S"]
[Result "1/2-1/2"]
[WhiteElo "2325"]
[BlackElo "2275"]

1.e4 c5 2.Nf3 d6 3.Bb5+ Nd7 4.O-O Nf6 5.Re1 a6 6.Bf1 b6 7.d4 cxd4 8.Qxd4 Bb7
9.Nc3 e6 10.Bg5 Be7 11.Rad1 O-O 12.h3 Qc7 13.Qe3 b5 14.a3 h6 15.Bh4 Nc5 16.e5 dxe5
17.Nxe5 Ng4 18.hxg4 Bxh4 19.b4 Ne4 20.Nxe4 Qxe5 21.Nc5 Qxe3 22.Rxe3 Bc6 23.c4 bxc4
24.Bxc4 Bb5 25.Bb3 Bg5 26.Re4 Bc6 27.Red4 a5 28.Nd7 Bxd7 29.Rxd7 axb4 30.axb4 Rfb8
31.R1d4 Ra1+ 32.Kh2 Rb1 33.Rd3 Rb2 34.Kg3 Rxb4 35.Bd1 e5 36.Rc3 Rd4 37.Rc8+ Kh7
38.Rxd4 exd4 39.Bc2+ g6 40.Kf3 Rb7 41.Bd3 Bd2 42.Rc2 Bc3 43.Ra2 Kg7 44.Re2 Ra7  1/2-1/2

[Event "FSIMB May"]
[Site "Budapest HUN"]
[Date "2001.05.13"]
[Round "9"]
[White "Van den Brande,W"]
[Black "Tian Tian"]
[Result "1/2-1/2"]
[WhiteElo "2241"]
[BlackElo "2302"]

1.e4 c5 2.Nf3 d6 3.Bb5+ Nc6 4.O-O Bd7 5.Re1 Nf6 6.c3 a6 7.Bf1 Bg4 8.h3 Bh5
9.d3 e6 10.Nbd2 Be7 11.g4 Bg6 12.Nh4 d5 13.a3 dxe4 14.Nxg6 hxg6 15.Nxe4 Qc7
16.Qf3 Nxe4 17.Rxe4 g5 18.Bd2 Rd8 19.b4 cxb4 20.axb4 O-O 21.Rae1 Bf6 22.h4 Qe7
23.h5 Qd6 24.Qe2 Ne7 25.f4 Nd5 26.d4 Nxf4 27.Bxf4 gxf4 28.Qg2 Qd5 29.Rxf4 Qxg2+
30.Bxg2 Bg5 31.Rf2 Rd7 32.Re5 Bf6 33.Rc5 Be7 34.Rc4 Rfd8 35.Re2 Bf6 36.Kh2 Be7
37.Be4 Bf6 38.Bf3 Re8 39.Kh3 Bg5 40.Kg3 Kf8  1/2-1/2

[Event "TCh-RUS"]
[Site "Tomsk RUS"]
[Date "2001.05.13"]
[Round "1"]
[White "Hasangatin,R"]
[Black "Naer,E"]
[Result "1-0"]
[WhiteElo "2463"]
[BlackElo "2455"]

1.e4 c5 2.Nf3 d6 3.Bb5+ Nd7 4.d4 Nf6 5.Nc3 a6 6.Bxd7+ Nxd7 7.O-O e6 8.dxc5 Nxc5
9.Bg5 Qc7 10.Qd4 Nd7 11.Rfd1 f6 12.Be3 Be7 13.Nd2 O-O 14.Qc4 Nc5 15.a4 a5
16.Nb5 Qc6 17.Nd4 Qd7 18.Nf5 Kh8 19.Nxe7 Qxe7 20.Bxc5 dxc5 21.Qb5 f5 22.Nc4 fxe4
23.Nb6 Rb8 24.Qxa5 e5 25.Nd5 Qg5 26.Qd2 Qh5 27.Ne3 Qf7 28.Rf1 b6 29.Qd5 Qf4
30.Rad1 h6 31.Rd2 Rf7 32.Rfd1 Bb7  1-0

[Event "TCh-RUS"]
[Site "Tomsk RUS"]
[Date "2001.05.13"]
[Round "1"]
[White "Hasangatin,R"]
[Black "Naer,E"]
[Result "1-0"]
[WhiteElo "2463"]
[BlackElo "2455"]

1.e4 c5 2.Nf3 d6 3.Bb5+ Nd7 4.d4 Nf6 5.Nc3 a6 6.Bxd7+ Nxd7 7.O-O e6 8.dxc5 Nxc5
9.Bg5 Qc7 10.Qd4 Nd7 11.Rfd1 f6 12.Be3 Be7 13.Nd2 O-O 14.Qc4 Nc5 15.a4 a5
16.Nb5 Qc6 17.Nd4 Qd7 18.Nf5 Kh8 19.Nxe7 Qxe7 20.Bxc5 dxc5 21.Qb5 f5 22.Nc4 fxe4
23.Nb6 Rb8 24.Qxa5 e5 25.Nd5 Qg5 26.Qd2 Qh5 27.Ne3 Qf7 28.Rf1 b6 29.Qd5 Qf4
30.Rad1 h6 31.Rd2 Kh7 32.Rfd1 Bb7 33.Qd7 Ba8 34.Qh3 Rf7 35.Qg3 Rbf8 36.b3 Bb7
37.Rd7 Ba8 38.Rxf7 Rxf7 39.Rd8 Bb7 40.Rd6 Rf6 41.Rd7 Qxg3 42.hxg3 Bc6 43.Re7 Kg8
44.Rxe5 Kf7 45.Kf1 Bb7 46.Ke1 Bc6 47.Nc4 Bb7 48.a5 bxa5 49.Rxc5  1-0

[Event "65th ch-BUL"]
[Site "Tsarevo BUL"]
[Date "2001.05.13"]
[Round "3"]
[White "Ljangov,P"]
[Black "Simeonov,S"]
[Result "0-1"]
[WhiteElo "2242"]
[BlackElo "2338"]

1.e4 c5 2.Nf3 d6 3.Bb5+ Bd7 4.Bxd7+ Qxd7 5.d3 Nc6 6.O-O g6 7.Nc3 Bg7 8.Bd2 e6
9.Be3 Nge7 10.Qd2 Nd4 11.Ne1 h6 12.Nd1 e5 13.c3 Ne6 14.c4 f5 15.f3 g5 16.Nc3 f4
17.Bf2 Ng6 18.Nd5 h5 19.Qd1 Kf7 20.Nc2 Nd4 21.Nxd4 exd4 22.g3 Be5 23.gxf4 Bxf4
24.Kg2 Rag8 25.Bg3 Bxg3 26.hxg3 Nf4+ 27.gxf4 gxf4+ 28.Kh2 Qd8 29.Qe1 Rg3
30.Qxg3 fxg3+ 31.Kg2 h4 32.Rh1 Qa5 33.Rhd1 h3+ 34.Kxg3 Qd8 35.Kh2 Qg5 36.Rg1 Qd2+
37.Kh1 Qxd3 38.Rg3 h2 39.b3 Qe2 40.Nf4 Qf2 41.Rh3 Rxh3 42.Nxh3 Qg3  0-1

[Event "TCh-RUS"]
[Site "Tomsk RUS"]
[Date "2001.05.17"]
[Round "5"]
[White "Batsanin,D"]
[Black "Brodsky,M"]
[Result "1/2-1/2"]
[WhiteElo "2435"]
[BlackElo "2529"]

1.e4 c5 2.Nf3 d6 3.Bb5+ Bd7 4.Bxd7+ Qxd7 5.c4 Nc6 6.O-O Nf6 7.Nc3 e6 8.d4 cxd4
9.Nxd4 Be7 10.Nc2 O-O 11.Qe2 a6 12.Bf4 b6 13.Rfd1 Qc7 14.Rac1 Rfd8 15.Bg3 Qb7
16.f3 Rac8 17.Ne3 Na7 18.a4 Nc6 19.Na2 Ne8 20.b4 a5 21.b5 Nb8 22.Nc3 Nd7  1/2-1/2

[Event "TCh-YUG Women"]
[Site "Herceg Novi YUG"]
[Date "2001.05.18"]
[Round "5"]
[White "Savic,Ma"]
[Black "Khurtsidze,N"]
[Result "0-1"]
[WhiteElo "2150"]
[BlackElo "2456"]

1.e4 c5 2.Nf3 d6 3.Bb5+ Nd7 4.O-O a6 5.Bxd7+ Qxd7 6.c3 Nf6 7.Re1 e6 8.d4 Be7
9.Bg5 cxd4 10.cxd4 b5 11.d5 e5 12.Nbd2 h6 13.Bxf6 Bxf6 14.b4 a5 15.bxa5 Rxa5
16.Qb3 O-O 17.Nb1 Qa7 18.Nc3 Bd7 19.Reb1 Rc8 20.a3 Bd8 21.Ra2 Qc5 22.Rc1 Bb6
23.Ne1 Qd4 24.Rac2 Rc4 25.Nf3 Qc5 26.Nb1 Qxf2+ 27.Kh1 Rxc2 28.Qxc2 Qxc2 29.Rxc2 Ra4
30.Nfd2 Kf8 31.g3 Be3 32.Rc3 Bxd2 33.Nxd2 b4  0-1

[Event "Open"]
[Site "Pula CRO"]
[Date "2001.05.18"]
[Round "1"]
[White "Mar,K"]
[Black "Fercec,N"]
[Result "0-1"]
[WhiteElo "2084"]
[BlackElo "2433"]

1.e4 c5 2.Nf3 d6 3.Bb5+ Nd7 4.c3 Nf6 5.Qe2 a6 6.Ba4 b5 7.Bc2 e5 8.d4 g6 9.O-O Bg7
10.Nbd2 O-O 11.Nb3 exd4 12.cxd4 c4 13.Nbd2 Re8 14.Re1 Bb7 15.Qd1 Qb6 16.Re2 Re7
17.e5 dxe5 18.Nxe5 Nxe5 19.Rxe5 Rd7 20.Nf3 Ng4 21.Rg5 h5 22.h3 Nxf2 23.Qe2 Ne4
24.Bxe4 Re8 25.Qf2 Bxe4 26.Be3 Bxf3 27.Qxf3 Rxe3  0-1

[Event "IV It"]
[Site "Santo Antonio POR"]
[Date "2001.05.19"]
[Round "1"]
[White "Galego,L"]
[Black "Ubilava,E"]
[Result "1/2-1/2"]
[WhiteElo "2429"]
[BlackElo "2526"]

1.e4 c5 2.Nf3 d6 3.Bb5+ Bd7 4.a4 Nf6 5.Nc3 Nc6 6.O-O e6 7.d3 Be7 8.Bxc6 Bxc6
9.e5 dxe5 10.Nxe5 Qc8 11.Bg5 O-O 12.Re1 Nd5 13.Bxe7  1/2-1/2

[Event "65th ch-BUL"]
[Site "Tsarevo BUL"]
[Date "2001.05.19"]
[Round "9"]
[White "Bojkov,D"]
[Black "Dimitrov,V"]
[Result "1/2-1/2"]
[WhiteElo "2398"]
[BlackElo "2512"]

1.e4 c5 2.Nf3 d6 3.Bb5+ Nd7 4.O-O Nf6 5.Re1 a6 6.Bf1 b6 7.Nc3 Bb7 8.d4 cxd4
9.Qxd4 e6 10.e5 dxe5 11.Nxe5 Bc5 12.Qh4 Nxe5 13.Rxe5 Qd4 14.Qxd4 Bxd4 15.Re1 Rc8  1/2-1/2

[Event "65th ch-BUL"]
[Site "Tsarevo BUL"]
[Date "2001.05.19"]
[Round "9"]
[White "Badev,K"]
[Black "Ljangov,P"]
[Result "0-1"]
[WhiteElo "2280"]
[BlackElo "2242"]

1.e4 c5 2.Nf3 d6 3.Bb5+ Bd7 4.Bxd7+ Nxd7 5.O-O Ngf6 6.Re1 e6 7.c3 Be7 8.d4 cxd4
9.cxd4 d5 10.e5 Ne4 11.Nbd2 Nxd2 12.Bxd2 O-O 13.Qb3 Qb6 14.Qa4 Nb8 15.Rac1 Nc6
16.Re3 Rac8 17.h3 Qd8 18.Rec3 a6 19.Qb3 Qd7 20.g3 Na7 21.Qb6 Rxc3 22.Rxc3 Bd8
23.Qc5 Nc6 24.Be3 h6 25.Kg2 Re8 26.Qa3 Be7 27.Qa4 Ra8 28.a3 Bd8 29.Qc2 Be7
30.Ne1 Rc8 31.Qa4 Ra8 32.Nd3 b5 33.Qc2 Rc8 34.Qd2 Bf8 35.h4 Nd8 36.Nc5 Bxc5
37.dxc5 Nc6 38.Bd4 Qb7 39.b4 Rf8 40.Re3 Ra8 41.f4 a5 42.bxa5 Rxa5 43.Rb3 Ra4
44.Bf2 d4 45.Kg1 Rc4 46.Rd3 Qd7 47.Kf1 Qd5 48.Ke2 Qxc5 49.Kd1 Qd5 50.Qb2 Qh1+
51.Be1 Qe4 52.Rb3 d3 53.Rc3 Qf3+ 54.Kc1 Re4 55.Qd2 Qh1 56.Kd1 Re2  0-1

[Event "TCh-YUG"]
[Site "Herceg Novi YUG"]
[Date "2001.05.21"]
[Round "8"]
[White "Dujkovic,S"]
[Black "Solak,D"]
[Result "0-1"]
[WhiteElo "2394"]
[BlackElo "2513"]

1.e4 c5 2.Nf3 d6 3.Bb5+ Nd7 4.d4 cxd4 5.Qxd4 Nf6 6.Nc3 e5 7.Qd3 h6 8.Nd2 Be7
9.Nc4 O-O 10.Bxd7 Bxd7 11.Nxd6 Qc7 12.Nf5 Bxf5 13.exf5 Rfd8 14.Qe2 Bb4 15.O-O Bxc3
16.bxc3 Rac8 17.Rb1 b6 18.Rb3 Rd5 19.Ra3 e4 20.g4 a5 21.Be3 b5 22.Bd4 a4
23.Bxf6 gxf6 24.c4 Qxc4 25.Qe3 Kg7 26.Qf4 Qxc2 27.Rh3 Qd2 28.Qxe4 Qxa2 29.g5 hxg5
30.Qf3 Rdd8 31.Rg3 Qd5 32.Qe3 Qxf5 33.h4 g4 34.Kg2 Rc4 35.f3 Rd3 36.Qe2 Qd5
37.Rf2 Rf4 38.Kh2 Qf5 39.Rxg4+ Rxg4 40.fxg4 Qe5+  0-1

[Event "XXVI Elekes Mem GM"]
[Site "Budapest HUN"]
[Date "2001.05.22"]
[Round "2"]
[White "Kosanovic,G"]
[Black "Navrotescu,C"]
[Result "1/2-1/2"]
[WhiteElo "2437"]
[BlackElo "2453"]

1.e4 c5 2.Nf3 d6 3.Bb5+ Bd7 4.Bxd7+ Qxd7 5.O-O Nf6 6.Re1 Nc6 7.c3 e6 8.d4 cxd4
9.cxd4 d5 10.e5 Ne4 11.Nbd2 Nxd2 12.Bxd2 Be7 13.Rc1 O-O 14.Rc3 f5 15.exf6 Rxf6
16.Ne5 Nxe5 17.Rxe5 Bd6 18.Re2 Raf8 19.Bg5 Rf5 20.Bh4 Qf7 21.Qc2 e5 22.Bg3 exd4
23.Bxd6 dxc3 24.Bxf8 Qxf8 25.Qxc3 h6 26.Qd4 b6 27.g4 Qf6 28.Re8+ Kf7 29.Qa4 Rxf2  1/2-1/2

[Event "IV It"]
[Site "Santo Antonio POR"]
[Date "2001.05.22"]
[Round "4"]
[White "Campora,D"]
[Black "Chandler,M"]
[Result "1/2-1/2"]
[WhiteElo "2503"]
[BlackElo "2529"]

1.e4 c5 2.Nf3 d6 3.Bb5+ Bd7 4.Bxd7+ Qxd7 5.O-O Nc6 6.c3 Nf6 7.Re1 e6 8.d3 Be7
9.Nbd2 O-O 10.a4 Rad8 11.Nf1 b6 12.h3 Ne5 13.Bf4 Ng6 14.Bd2 Qb7 15.Ng3 Rfe8
16.Qe2 a6 17.d4 h6 18.h4 cxd4 19.cxd4 Rc8 20.h5 Nf8 21.Nh2 d5 22.e5 N6h7
23.Ng4 Kh8 24.Qd3 Rc4 25.b3 Rc7 26.Rec1 Rec8 27.f4 Rxc1+ 28.Rxc1 Rxc1+ 29.Bxc1 b5
30.axb5 axb5 31.Ne2 b4 32.Bd2 Kg8 33.Qg3 Kh8 34.Ne3 Nd7 35.Nc2 Nb8 36.Qe1 Nc6
37.Qa1 Nf8 38.Qa4 Nd7 39.Kf2 Ndb8 40.Ne1 Na6 41.Nd3 Kh7 42.Ke1 Qb6 43.g3 Bf8
44.Kf1 Be7 45.Ke1 Bf8 46.Kf1  1/2-1/2

[Event "TCh-NOR Final"]
[Site "Langesund NOR"]
[Date "2001.05.23"]
[Round "1"]
[White "Storland,K"]
[Black "Djurhuus,R"]
[Result "1/2-1/2"]
[WhiteElo "2282"]
[BlackElo "2474"]

1.e4 c5 2.Nf3 d6 3.Bb5+ Nd7 4.O-O Nf6 5.Re1 a6 6.Bf1 g6 7.c3 Bg7 8.d4 e5
9.dxe5 dxe5 10.a4 b6 11.Na3 O-O 12.Nc4 Qc7 13.Qd6 Qb7 14.Qd3 Ne8 15.Bg5 f6
16.Be3 Kh8 17.h4 f5 18.Ng5 Ndf6 19.Nxe5 Nxe4 20.Bf4 N8f6 21.Rad1 Nh5 22.Bh2 Nxg5
23.hxg5 Qa7 24.Be2 Bb7 25.Qh3 Rae8 26.Bxh5 gxh5 27.Qxh5 Kg8 28.Nd7 Rxe1+
29.Rxe1 Bf3 30.Nf6+ Bxf6 31.Qxf3 Bxg5 32.Bd6 Rd8 33.Qxf5 Qg7 34.Qd5+ Kh8
35.Qe6 Bf6 36.Re3 Qh6 37.Qe8+ Rxe8 38.Rxe8+ Kg7 39.Bf8+ Kf7 40.Bxh6 Kxe8
41.Be3 Kd7 42.Kf1 Kc6 43.Ke2 Kd5 44.Kd3 c4+ 45.Ke2 b5 46.axb5 axb5 47.Bc1  1/2-1/2

[Event "TCh-NED Playoffs"]
[Site "Breda NED"]
[Date "2001.05.25"]
[Round "2"]
[White "Timman,J"]
[Black "Bosch,Je"]
[Result "0-1"]
[WhiteElo "2620"]
[BlackElo "2443"]

1.e4 c5 2.Nf3 d6 3.Bb5+ Bd7 4.Qe2 Bxb5 5.Qxb5+ Qd7 6.Na3 Nc6 7.O-O Nf6 8.Re1 e6
9.b3 Be7 10.Bb2 O-O 11.Rad1 d5 12.e5 Ne8 13.Qe2 Nc7 14.d3 a5 15.c4 a4 16.Qc2 b5
17.d4 axb3 18.axb3 bxc4 19.bxc4 Nxd4 20.Nxd4 cxd4 21.Rd3 Qa4 22.Qxa4 Rxa4
23.cxd5 Nxd5 24.Nb1 Rb8 25.Bxd4 Nf4 26.Rd2 Rxd4 27.Rxd4 Ne2+  0-1

[Event "TCh-YUG Final"]
[Site "Herceg Novi YUG"]
[Date "2001.05.26"]
[Round "1.2"]
[White "Nevednichy,V"]
[Black "Georgiev,Ki"]
[Result "0-1"]
[WhiteElo "2563"]
[BlackElo "2676"]

1.e4 c5 2.Nf3 d6 3.Bb5+ Bd7 4.Bxd7+ Qxd7 5.O-O Nc6 6.c3 Nf6 7.d4 Nxe4 8.d5 Nd8
9.Re1 Nf6 10.Bg5 Ng8 11.Nbd2 g6 12.Ne4 Bg7 13.Bf4 Kf8 14.Qe2 Bh6 15.Bxh6+ Nxh6
16.b4 b6 17.bxc5 bxc5 18.Rab1 Kg7 19.c4 Rf8 20.Rb3 f6 21.h3 Rc8 22.Qb2 Kg8
23.Rbe3 Nf5 24.Rb3 Rc7 25.g4 Ng7 26.Rbe3 Rb7 27.Qc2 f5 28.Ned2 fxg4 29.Rxe7 Qxe7
30.Rxe7 Rxe7 31.hxg4 Rf4 32.g5 Nf7 33.Qb3 Nf5 34.a4 Nxg5 35.Nxg5 Rg4+ 36.Kf1 Rxg5
37.a5 Rg4 38.a6 Rf4 39.Qb8+ Kg7 40.f3 g5 41.Kg1 g4 42.fxg4 Rxg4+ 43.Kf2 Rf4+
44.Kg1 Re1+ 45.Kg2 Re2+ 46.Kg1 Rg4+ 47.Kf1 Rxd2 48.Qxa7+ Kg6 49.Qb8 Rxc4
50.Ke1 Ra2  0-1

[Event "IX Guillermo Garcia Mem"]
[Site "Santa Clara CUB"]
[Date "2001.05.28"]
[Round "5"]
[White "Cuartas,J"]
[Black "Vera,R"]
[Result "0-1"]
[WhiteElo "2362"]
[BlackElo "2534"]

1.e4 c5 2.Nf3 d6 3.Bb5+ Nd7 4.O-O Nf6 5.Re1 a6 6.Bf1 b6 7.c4 Bb7 8.Nc3 e6
9.b3 Be7 10.Bb2 O-O 11.d4 cxd4 12.Nxd4 Qc7 13.Re3 Rfe8 14.Qe2 Bf8 15.Re1 g6
16.Rh3 Bg7 17.Nf3 Rad8 18.Qc2 d5 19.exd5 exd5 20.Rd1 dxc4 21.Bxc4 Bxf3 22.gxf3 Qc8
23.Qc1 Ne5 24.Bf1 Nd3  0-1

[Event "XXVI Elekes Mem GM"]
[Site "Budapest HUN"]
[Date "2001.05.30"]
[Round "10"]
[White "Anka,E"]
[Black "Kosanovic,G"]
[Result "1/2-1/2"]
[WhiteElo "2425"]
[BlackElo "2437"]

1.e4 c5 2.Nf3 d6 3.Bb5+ Nd7 4.d4 Nf6 5.Nc3 cxd4 6.Qxd4 e5 7.Qd3 h6 8.Be3 Be7
9.O-O a6 10.Bc4 b5  1/2-1/2

[Event "2nd IECC"]
[Site "Ohrid MKD"]
[Date "2001.06.04"]
[Round "4"]
[White "Rublevsky,S"]
[Black "Shneider,A"]
[Result "1-0"]
[WhiteElo "2657"]
[BlackElo "2516"]

1.e4 c5 2.Nf3 d6 3.Bb5+ Bd7 4.Bxd7+ Qxd7 5.c4 Nc6 6.Nc3 g6 7.d4 cxd4 8.Nxd4 Bg7
9.Nde2 Nf6 10.O-O O-O 11.f3 Qd8 12.Kh1 a6 13.a4 Re8 14.Rb1 Ne5 15.b3 Ned7
16.Bg5 Rc8 17.Qd2 Qa5 18.Rfd1 Kf8 19.Qf4 Nh5 20.Qe3 Nhf6 21.h3 Kg8 22.f4 Qc5
23.Qf3 e6 24.Bh4 Qc7 25.Rf1 h6 26.Rbd1 Nh7 27.Bf2 Nc5 28.e5 dxe5 29.Bxc5 Qxc5
30.Ne4 Qc6 31.Nd6 e4 32.Qe3 f5 33.Rd2 Nf6 34.Nxe8 Qxe8 35.Qb6 Nd7 36.Qxb7 Nc5
37.Qb6 Bf8 38.Rfd1  1-0

[Event "2nd IECC"]
[Site "Ohrid MKD"]
[Date "2001.06.06"]
[Round "6"]
[White "Ehlvest,J"]
[Black "Atalik,S"]
[Result "1/2-1/2"]
[WhiteElo "2630"]
[BlackElo "2537"]

1.e4 c5 2.Nf3 d6 3.Bb5+ Bd7 4.Bxd7+ Qxd7 5.c4 Nf6 6.Nc3 Nc6 7.d4 cxd4 8.Nxd4 g6
9.f3 Bg7 10.Nde2 O-O 11.O-O e6 12.Bg5 h6 13.Bh4 a6 14.a4 Qc7 15.Kh1 Nd7 16.Rb1 Rfe8
17.f4 Nb4 18.b3 Nc5 19.f5 Ncd3 20.Na2 Qc6 21.Nxb4 Nxb4 22.Be1 Qc5 23.Nf4 g5
24.Nh5 Nc6 25.Nxg7 Kxg7 26.Bc3+ e5 27.f6+ Kg6 28.Qg4 Nd4 29.Rf5 Qc8 30.Bxd4 exd4
31.Rd1 Re5 32.h4 Qe6 33.Rxd4 Re8 34.Kh2 Rxf5 35.exf5+ Qxf5 36.Qxf5+ Kxf5
37.Rxd6 Re6 38.Rd7 Rb6 39.Rxf7 Rxb3 40.Rh7 Kxf6 41.Rxh6+ Kg7 42.hxg5 Rb4
43.c5 Rxa4 44.Rb6 Rc4 45.Rxb7+ Kg6 46.Rc7 Kxg5 47.Kh3 a5  1/2-1/2

[Event "2nd IECC"]
[Site "Ohrid MKD"]
[Date "2001.06.06"]
[Round "6"]
[White "Rublevsky,S"]
[Black "Jobava,Ba"]
[Result "1-0"]
[WhiteElo "2657"]
[BlackElo "2543"]

1.e4 c5 2.Nf3 d6 3.Bb5+ Nd7 4.d4 Nf6 5.O-O a6 6.Bxd7+ Nxd7 7.Nc3 e6 8.dxc5 Nxc5
9.Bg5 Qc7 10.Re1 f6 11.Bh4 Be7 12.Nd4 O-O 13.Qg4 Rf7 14.Kh1 Qb6 15.Rab1 Na4
16.Nce2 Bf8 17.f4 Nc5 18.f5 e5 19.Nb3 Na4 20.Nd2 Qa5 21.Red1 b5 22.c4 Bb7
23.Qf3 b4 24.Bf2 Nc5 25.Ra1 Rd8 26.Ng3 g6 27.Ndf1 Bh6 28.Be3 Bf8 29.b3 Kh8
30.h3 Qc7 31.Bxc5 dxc5 32.Ne3 Rd4 33.Nd5 Bxd5 34.cxd5 c4 35.bxc4 Qxc4 36.Qg4 gxf5
37.Qxf5 Rxd1+ 38.Rxd1 Qxa2 39.Qe6 Kg8 40.Rc1 Qa5 41.d6 b3 42.Rc7  1-0

[Event "2nd IECC"]
[Site "Ohrid MKD"]
[Date "2001.06.06"]
[Round "6"]
[White "Moreno Carnero,J"]
[Black "Ruck,R"]
[Result "1/2-1/2"]
[WhiteElo "2480"]
[BlackElo "2557"]

1.e4 c5 2.Nf3 d6 3.Bb5+ Bd7 4.Bxd7+ Nxd7 5.O-O Ngf6 6.Qe2 e6 7.d3 Be7 8.Ng5 h6
9.Nh3 Ne5 10.f4 Nc6 11.c4 Nd7 12.Nc3 Nd4 13.Qd1 Bf6 14.Be3 g6 15.Kh1 Bg7
16.Bxd4 cxd4 17.Nb5 Qb6 18.a4 a6 19.a5 Qc6 20.Na3 O-O 21.f5 g5 22.Nf2 exf5
23.exf5 Nf6 24.Nc2 Rfe8 25.Ng4 Qc5 26.b4 Qa7 27.Rb1 b5 28.axb6 Qxb6 29.Nxf6+ Bxf6
30.Qf3 Ra7 31.Rfe1 Rae7 32.Rxe7 Rxe7 33.Ra1 Kg7 34.Kg1  1/2-1/2

[Event "zt 2.4"]
[Site "Sao Paulo BRA"]
[Date "2001.06.07"]
[Round "1"]
[White "Soto,J"]
[Black "Leitao,R"]
[Result "0-1"]
[WhiteElo "2386"]
[BlackElo "2587"]

1.e4 c5 2.Nf3 d6 3.Bb5+ Nc6 4.d4 cxd4 5.Nxd4 Bd7 6.Bxc6 bxc6 7.c4 Nf6 8.Nc3 g6
9.O-O Bg7 10.Qe2 O-O 11.Rd1 Qb6 12.h3 Rab8 13.b3 c5 14.Nc2 Qb7 15.Rb1 Bc6
16.f3 Rfe8 17.Be3 Nd7 18.Qd2 Ne5 19.h4 f5 20.exf5 gxf5 21.Bh6 Bxh6 22.Qxh6 Bxf3
23.Na3 Kh8 24.Rd2 Rg8 25.Qf4 Bc6 26.Kf1 Ng4  0-1